000 00718nam a2200241Ia 4500
003 OSt
005 20220926011247.0
006 a|||||r|||| 00| 0
007 ta
008 220923b |||||||| |||| 00| 0 eng d
020 _a0136002889
037 _cGeneral Book
040 _aRTL
_cRTL
_beng
041 _2eng
_aeng
082 _aX64, L8/TD3
100 _aSmith Paul F
_9123793
245 0 _aMoney and financial intermediation
_b The theory and struture of financial system of financial systems
260 _aNew Jersey
_bPrentice-Hall
_c1978
300 _axii,370p.
_ccm.
650 _aMoney Markets
942 _hX64, L8/TD3
_cGB
_2CC
999 _c619501
_d619501